Umenie v priereze dejín 1. zošit Druhy umenia (úvodná časť)

Bibliographic Details
Main Author: Ftoreková, Terézia, 1938- (Author)
Format: Book
Language:Slovak
PhysicalDescription:101 s. fotogr., ilustr., noty 21 cm
Published: Bratislava Metodické centrum mesta Bratislavy 1997
ISBN:8071642037
Subjects:

MARC

LEADER 00000nam a2200000 a 4500
001 vtls001307142
003 SK-MaSNL
005 20260301155732.0
008 240314s1997 xo aga r yy slo
015 |a SNBA1998/02-00587 
020 |a 8071642037 
035 |a SNK000259415 
035 |a urn:nbn:sk:snk-amkgvb 
035 |a urn:nbn:sk:snk-am002yre 
035 |a 70A14923-6026-410B-9F03-9835448017E1 
040 |a SNK  |b slo  |c SNK  |e AACR2 
041 0 |a slo 
044 |a xo  |c SK 
080 |a 72/79(075.4)  |2 1981 
100 1 |a Ftoreková, Terézia,  |d 1938-  |4 aut  |9 39423 
245 1 0 |a Umenie v priereze dejín  |n 1. zošit  |p Druhy umenia (úvodná časť)  |c Terézia Ftoreková 
260 |a Bratislava  |b Metodické centrum mesta Bratislavy  |c 1997 
300 |a 101 s.  |b fotogr., ilustr., noty  |c 21 cm 
504 |a Bibliogr. s. 99-101. Pozn. 
650 0 7 |a umenie  |x druhy  |x texty učebné  |2 SNK  |9 293479 
655 7 |a príručky  |2 SNK  |9 74364 
919 |a 80-7164-203-7 
958 |a TL 
958 |a NB 
999 |c 802440  |d 804370 
952 |t P60, <09>, [BOOK], {629}  |a SNK  |b SNK  |y NEVYP  |7 0  |o snkC 2281  |i snk4558/971027  |0 0  |1 0  |4 0  |d 1997-10-24  |l 0  |r 2005-01-02 00:00:00  |w 2026-02-24 
952 |t P60, <03>, [BOOK], {603}  |a SNK  |b SNK  |y PREZ  |7 0  |p 17A0103824  |o snkSC 94340/1  |i snkKSP 10940/97  |0 0  |1 0  |4 0  |d 1997-10-24  |f 1  |l 0  |r 2025-09-12 00:00:00  |w 2026-02-24 
952 |t P60, <04>, [BOOK], {604}  |a SNK  |b SNK  |y VYP  |7 0  |p 17A0103823  |o snkSC 94340/1 D1  |i snkKSP 10941/97  |0 0  |1 0  |4 0  |d 1997-10-24  |l 0  |r 2005-01-02 00:00:00  |w 2026-02-24